000 00970nam a2200253 a 4500
001 47779
003 BD-RjUL
005 20211209054407.0
008 160810s2011 bg a|||| |||| 00| 0 ben d
020 _a9789843338709
_c: Tk. 450.00
035 _a(BD-RjUL)47898
040 _aBD-RjUL
_bben
_cBD-RjUL
041 _aben
082 _a720.954025
_bRAM 2011
_223
100 _aরহমান, মো. মোখলেছুর
_9145088
245 1 0 _aমুঘল স্থাপত্য /
_cমো. মোখলেছুর রহমান
260 _aরাজশহী :
_bসুফিয়া খাতুন,
_c২০১১
300 _a৩৫১ পৃ. :
_bচিত্র ;
_c১৯ সেমি.
650 _aস্থাপত্য, মুঘল
_9145089
650 _aArchitecture, Mogul.
_9145090
650 _aইসলামী স্থাপত্য
_zভারত
_9145091
650 _aIslamic architecture
_zIndia
_9145092
942 _2ddc
_cBK
999 _c47779
_d47779